000 00325nam a22001457a 4500
003 OSt
005 20160727222524.0
008 160709b xxu||||| |||| 00| 0 eng d
040 _cTEST
100 _92518
_a Joan, S
245 _aBernard Shaw
260 _aEng
_b Penguin
_c1957
300 _aBernard Shaw
942 _2ddc
_cBK
999 _c2185
_d2185